| 000 | 00729cam a2200205 a 4500 | ||
|---|---|---|---|
| 001 | 000017667 | ||
| 005 | 20200929165204.0 | ||
| 008 | 860528s1984 cau b 000 f eng d | ||
| 020 | _a0884041085 | ||
| 040 |
_aDO-SdBNP _beng _cLC _dBNPHU |
||
| 082 |
_a813.5 _bH875d, 1984 |
||
| 100 | 1 |
_aHubbard, L. Ron _q(La Fayette Ron), _d1911-1986. _934929 |
|
| 245 | 1 | 0 |
_aDianetics : _bthe modern science of mental health: a handbook of dianetics procedure / _cL. Ron Hubbard. |
| 260 |
_aLos Angeles, California : _bBridge Publications, _c1984. |
||
| 300 |
_axviii, 550, [21] p. ; _c18 cm. |
||
| 650 | 4 |
_aNovela estadounidense _9262 |
|
| 650 | 4 |
_aLiteratura estadounidense _ySIGLO XX _96874 |
|
| 910 | _aCatalogación derivada | ||
| 049 | _aBNGR | ||
| 999 |
_c17192 _d17192 |
||